| 000 | 01038nam a22002657a 4500 | ||
|---|---|---|---|
| 999 |
_c21233 _d21233 |
||
| 003 | AR-CdUCM | ||
| 008 | 190320b ||||| |||| 00| 0 spa d | ||
| 020 | _a9786120028483 | ||
| 040 |
_aMUNICIPALIDAD PROVINCIAL DEL CUSCO _cBIBLIOTECA MUNICIPAL DEL CUSCO |
||
| 082 |
_a632.71 / Y12 _bY12 |
||
| 100 |
_aYábar, Erick _944352 |
||
| 245 | _aMoscas de la fruta Diptera Tephritidae de importancia económica del Cusco / | ||
| 260 |
_aCusco : _bKopy Graf, _c2017. |
||
| 300 |
_a86 paginas ; _bilustraciones en color, _c20 cm. |
||
| 505 | _aContenido: Aspectos generales de la familia Tephritidae -- Clave para identificar géneros de la familia Tephritidae de Cusco ... | ||
| 650 |
_aInsectos _921313 |
||
| 650 |
_aPlagas _921314 |
||
| 650 |
_aPlagas en la agricultura _921315 |
||
| 650 |
_aMosca de la Fruta _944353 |
||
| 650 |
_aCusco Perú _944354 |
||
| 700 |
_aCosta, Juan _944355 |
||
| 710 |
_aProyecto Diversidad y distribución geográfica de la fauna del Departamento de Cusco _944356 |
||
| 942 |
_2ddc _cLIBROS |
||
| 945 | _aRoel | ||